Sports Quiz

Random Sports Quiz

Big Ten Nicknames Quiz Stats

 Plays Quiz not verified by Sporcle

Challenge
Share
Tweet
Embed
Score 0/12 Timer 03:00
0 Plays Today
nicknames % Correct
wolverines
100%
buckeyes
100%
spartans
100%
badgers
100%
boilermakers
97.6%
hawkeyes
97.6%
nittany lions
95.1%
hoosiers
95.1%
cornhuskers
95.1%
golden gophers
92.7%
fighting illini
90.2%
wildcats
87.8%

You're not logged in!

Compare scores with friends on all Sporcle quizzes.
OR
Log In

You Might Also Like...

Show Comments

Extras

Created Nov 20, 2011ReportNominate

Top Quizzes Today


Score Distribution

Your Account Isn't Verified!

In order to create a playlist on Sporcle, you need to verify the email address you used during registration. Go to your Sporcle Settings to finish the process.

Report this User

Report this user for behavior that violates our Community Guidelines.

Details: